000 00909nam a2200253 a 4500
005 20150209082140.0
008 130711s19uu xx 00 eng d
020 _a9781405886115
050 _aQA 11.154
_b.Ex96t5 2008
245 _aExploring maths 5 :
_bteacher's book /
_cedited byAnita Straker.
260 _aGreat Britain, Scotprint :
_bPearson Longman,
_cc2008.
300 _a379 pages :
_billustrations ;
_c28 cm.
_e+ 1 CD ROM (3/4) inches.
500 _aIncludes index and bibliographies
520 _aits about the powers and roots, functions and graph, equations and formula, 2D and 3D shapes,
650 _aFractions
_xmathematics
650 _aProbabilities
_xmathematics
650 _aMeasurements
_xmathematics
650 _aEquations
_xmathematics
700 _aFisher, Tony
700 _aHyde, Rosalyn
700 _aJennings, Sue
700 _aLongstaffe, Jonathan
942 _cBK
_2lcc
999 _c282549
_d282549